[Event "Winter Classic inv."]
[Site "Montreal CAN"]
[Date "2018.01.03"]
[Round "3"]
[White "Talukdar, Rohan"]
[Black "Sai Krishna, GV."]
[Result "0-1"]
[WhiteElo "2290"]
[BlackElo "2370"]
[PlyCount "80"]
[EventDate "2018.01.02"]
[EventType "tourn"]
[EventRounds "7"]
[EventCountry "CAN"]

1. e4 e5 2. Nf3 Nc6 3. Bc4 Nf6 4. d3 Bc5 5. Nbd2 d6 6. c3 Be6 7. Bb3 O-O 8. h3
Qd7 9. Ba4 Qe7 10. O-O Nd7 11. Re1 Bb6 12. Nf1 f5 13. exf5 Bxf5 14. Ng3 Qf6 15.
Nxf5 Qxf5 16. Be3 Kh8 17. Bb3 Nf6 18. d4 e4 19. Nh4 Qd7 20. f4 Ne7 21. Qd2 c6
22. c4 d5 23. c5 Bc7 24. Bd1 g6 25. g4 h5 26. Qg2 Rf7 27. Rf1 hxg4 28. Bxg4
Nxg4 29. Qxg4 Qxg4+ 30. hxg4 Raf8 31. Ng2 Ng8 32. Nh4 Ne7 33. Ng2 Kg7 34. Rf2
Ng8 35. Kh2 g5 36. Kg3 Ne7 37. Raf1 Ng6 38. b4 gxf4+ 39. Nxf4 Nxf4 40. Rxf4 Kg6
0-1

[Event "Winter Classic inv."]
[Site "Montreal CAN"]
[Date "2018.01.04"]
[Round "5"]
[White "Talukdar, Rohan"]
[Black "Yu, Zong Yang"]
[Result "0-1"]
[WhiteElo "2290"]
[BlackElo "2392"]
[PlyCount "96"]
[EventDate "2018.01.02"]
[EventType "tourn"]
[EventRounds "7"]
[EventCountry "CAN"]

1. e4 c6 2. d4 d5 3. exd5 cxd5 4. Bd3 Nc6 5. c3 Qc7 6. h3 Nf6 7. Nf3 g6 8. Qc2
Bg7 9. O-O O-O 10. Bg5 h6 11. Bxf6 Bxf6 12. Nbd2 Bd7 13. Rfe1 Rac8 14. Rac1 Kh7
15. Nf1 Qf4 16. Qd1 Rfe8 17. Ne3 Qd6 18. c4 dxc4 19. Nxc4 Qf4 20. Nfe5 Bxe5 21.
dxe5 Bf5 22. g3 Qg5 23. h4 Qg4 24. Be2 Qd4 25. Qb3 Be6 26. Qxb7 Bxc4 27. Rxc4
Qd2 28. Kf1 Na5 29. Rxc8 Nxb7 30. Rxe8 Qd5 31. f3 Qd7 32. Ra8 Qh3+ 33. Kf2 Qh2+
34. Kf1 Na5 35. e6 Qh3+ 36. Kf2 Qxe6 37. Bd3 Qd5 38. Be4 Qd4+ 39. Kf1 Nc4 40.
Re2 Kg7 41. g4 Nxb2 42. Rc8 Na4 43. Rc1 Nc3 44. Ree1 Nxe4 45. Rxe4 Qd3+ 46. Ke1
Qxf3 47. Rxe7 Qg3+ 48. Kf1 Qf4+ 0-1

[Event "Winter Classic inv."]
[Site "Montreal CAN"]
[Date "2018.01.05"]
[Round "6"]
[White "Masse, Hugues"]
[Black "Talukdar, Rohan"]
[Result "0-1"]
[WhiteElo "2129"]
[BlackElo "2290"]
[PlyCount "74"]
[EventDate "2018.01.02"]
[EventType "tourn"]
[EventRounds "7"]
[EventCountry "CAN"]

1. e4 c5 2. Nf3 d6 3. d4 cxd4 4. Nxd4 Nf6 5. Nc3 a6 6. Be3 e5 7. Nb3 Be7 8. f3
Be6 9. Qd2 h5 10. O-O-O Nbd7 11. Kb1 Rc8 12. f4 b5 13. Bd3 exf4 14. Bxf4 Ne5
15. Nd4 Bd7 16. Rhe1 O-O 17. h3 b4 18. Nd5 Nxd5 19. exd5 Nxd3 20. Qxd3 Re8 21.
Qxa6 Ra8 22. Qc4 Qb6 23. Bd2 Rec8 24. Nc6 Bxc6 25. dxc6 Rxc6 26. Qb3 Bf6 27.
Re2 Qb5 28. Rde1 Rca6 29. a3 Rxa3 30. Re8+ Kh7 31. Rxa8 Rxb3 32. cxb3 Qd3+ 33.
Kc1 Bxb2+ 34. Kd1 Bc3 35. Re2 Qb1+ 36. Bc1 Qxb3+ 37. Rc2 Qd5+ 0-1

[Event "Wch-U14"]
[Site "Montevideo URU"]
[Date "2017.09.17"]
[Round "1.21"]
[White "Talukdar, Rohan"]
[Black "Rodriguez Delfino, Tiago"]
[Result "1-0"]
[WhiteElo "2132"]
[BlackElo "1456"]
[PlyCount "47"]
[EventDate "2017.09.17"]
[EventType "swiss"]
[EventRounds "11"]
[EventCountry "URU"]
[Source "Chess Mix"]
[SourceDate "2017.10.01"]

1. e4 e6 2. d4 d5 3. Nd2 dxe4 4. Nxe4 Nd7 5. Nf3 Ngf6 6. Nxf6+ Nxf6 7. Bd3 Bd6
8. Bg5 h6 9. Bd2 O-O 10. Qe2 Re8 11. O-O-O Qe7 12. Ne5 Nd7 13. c3 c5 14. Kb1
cxd4 15. cxd4 Bxe5 16. dxe5 f6 17. f4 a6 18. g4 fxe5 19. fxe5 Qc5 20. Qe4 Nxe5
21. Bb4 Nxd3 22. Bxc5 Nxc5 23. Qg6 Bd7 24. b4 1-0

[Event "Wch-U14"]
[Site "Montevideo URU"]
[Date "2017.09.18"]
[Round "2.18"]
[White "Torngren, Gustav"]
[Black "Talukdar, Rohan"]
[Result "0-1"]
[WhiteElo "1899"]
[BlackElo "2132"]
[PlyCount "116"]
[EventDate "2017.09.17"]
[EventType "swiss"]
[EventRounds "11"]
[EventCountry "URU"]
[Source "Chess Mix"]
[SourceDate "2017.10.01"]

1. d4 Nf6 2. c4 g6 3. Nc3 d5 4. cxd5 Nxd5 5. Bd2 Bg7 6. e4 Nb6 7. Be3 O-O 8.
Be2 Nc6 9. Nf3 Bg4 10. d5 Bxf3 11. gxf3 Na5 12. Bd4 Qd6 13. Bxg7 Kxg7 14. Qd2
Qf6 15. b3 Rad8 16. Rc1 e6 17. Nb5 Nc6 18. f4 exd5 19. e5 Qe7 20. h4 h5 21. Rc3
d4 22. Rg3 a6 23. f5 Qxe5 24. fxg6 f6 25. Na3 Rfe8 26. Kf1 Nd5 27. Nc4 Qf4 28.
Bxh5 Ne5 29. Be2 Nxc4 30. Qxf4 Nxf4 31. Bxc4 d3 32. h5 Kh6 33. Bxd3 Rxd3 34.
Rxd3 Nxd3 35. Rh4 Nc5 36. Rc4 Ne6 37. f4 f5 38. Kf2 Re7 39. Rc1 Nxf4 40. Kf3
Nxh5 41. Rg1 Rg7 42. b4 Rxg6 43. Rc1 c6 44. a4 Rg3+ 45. Kf2 Rb3 46. Rc4 Kg5 47.
a5 Nf6 48. Rd4 Nd5 49. b5 Rxb5 50. Kf3 Rxa5 51. Kf2 Ra2+ 52. Kf1 f4 53. Rc4
Ne3+ 54. Kg1 Nxc4 55. Kf1 Kg4 56. Ke1 f3 57. Kf1 Kg3 58. Kg1 Ra1# 0-1

[Event "Wch-U14"]
[Site "Montevideo URU"]
[Date "2017.09.18"]
[Round "3.4"]
[White "Talukdar, Rohan"]
[Black "Kumar, Nikhil"]
[Result "1/2-1/2"]
[WhiteElo "2132"]
[BlackElo "2317"]
[PlyCount "176"]
[EventDate "2017.09.17"]
[EventType "swiss"]
[EventRounds "11"]
[EventCountry "URU"]
[Source "Chess Mix"]
[SourceDate "2017.10.01"]

1. e4 c6 2. d4 d5 3. exd5 cxd5 4. Bd3 Nc6 5. c3 Nf6 6. Bf4 Bg4 7. Qb3 Qc8 8.
Nd2 e6 9. Ngf3 Be7 10. O-O Bh5 11. Ne5 Nxe5 12. dxe5 Nd7 13. c4 Nc5 14. Qb5+
Kf8 15. cxd5 a6 16. Qc4 exd5 17. Qc2 Ne6 18. Qxc8+ Rxc8 19. Rac1 Rxc1 20. Rxc1
Bb4 21. a3 Nxf4 22. axb4 g5 23. Rc8+ Kg7 24. Bf5 b6 25. Rxh8 Kxh8 26. Nb3 Bg6
27. Bc8 Bd3 28. Nd4 Kg7 29. f3 Bb5 30. Bf5 Bd3 31. g3 Ne2+ 32. Nxe2 Bxe2 33.
Kf2 Bd1 34. Bd3 a5 35. bxa5 bxa5 36. Ke3 h5 37. f4 gxf4+ 38. gxf4 Kf8 39. Kd4
Bf3 40. Kc5 Ke7 41. f5 a4 42. Bb5 f6 43. Kd4 fxe5+ 44. Kxe5 Bd1 45. f6+ Kf7 46.
Bd7 Bb3 47. Be6+ Kg6 48. f7 Kg7 49. Bxd5 Bd1 50. Ke6 Kf8 51. Kf6 Bc2 52. h4 Bd3
53. Kg5 Be2 54. Kg6 Bd1 55. Bc6 Bc2+ 56. Kf6 Bb3 57. Be8 a3 58. bxa3 Bxf7 59.
Bc6 Bb3 60. Bf3 Kg8 61. Kg6 Bf7+ 62. Kh6 Be8 63. Bxh5 Ba4 64. Bg6 Kh8 65. Bf7
Bb3 66. Kg6 Bc2+ 67. Kf6 Kh7 68. h5 Kh6 69. Be8 Bb3 70. Ke5 Kg7 71. Kd4 Kf8 72.
Bg6 Kg7 73. Kc3 Ba4 74. Kb4 Bd1 75. Be8 Kh6 76. Bf7 Kg7 77. Bg6 Kh6 78. Bf7 Kg7
79. Bb3 Bxh5 80. a4 Kf6 81. a5 Ke7 82. Kc5 Be2 83. Kb6 Kd8 84. Kb7 Bf3+ 85. Kb8
Be2 86. Ba4 Bd3 87. Bc6 Ba6 88. Bb7 Be2 1/2-1/2

[Event "Wch-U14"]
[Site "Montevideo URU"]
[Date "2017.09.19"]
[Round "4.8"]
[White "Cohen Revivo, Shoham"]
[Black "Talukdar, Rohan"]
[Result "0-1"]
[WhiteElo "2188"]
[BlackElo "2132"]
[PlyCount "107"]
[EventDate "2017.09.17"]
[EventType "swiss"]
[EventRounds "11"]
[EventCountry "URU"]
[Source "Chess Mix"]
[SourceDate "2017.10.01"]

1. e4 c5 2. Nf3 d6 3. d4 cxd4 4. Qxd4 Nc6 5. Bb5 Bd7 6. Bxc6 Bxc6 7. Nc3 Nf6 8.
Bg5 e6 9. O-O-O Be7 10. Kb1 O-O 11. h4 h6 12. Rh3 b5 13. Be3 e5 14. Nxe5 dxe5
15. Qxe5 Qe8 16. Rg3 Kh8 17. Nd5 Bd8 18. Qc3 Qe6 19. f4 Bxd5 20. exd5 Qf5 21.
Bc5 Rg8 22. Rgd3 Ne4 23. Qb4 a5 24. Qxb5 Bf6 25. Ba3 Nf2 26. g3 Nxd1 27. Rxd1
Rac8 28. Qe2 Rge8 29. Qd2 Rcd8 30. d6 Rd7 31. Ka1 Qb5 32. g4 Re2 33. Qc1 Qa4
34. g5 Rxc2 35. Qe3 Rxb2 36. gxf6 Qxd1+ 37. Kxb2 Rb7+ 38. Kc3 Qa1+ 39. Kc4
Qxa2+ 40. Kc5 Qc2+ 41. Kd5 gxf6 42. Bc5 Qf5+ 43. Kc6 Qd7+ 44. Kd5 Rb1 45. Qe7
Rd1+ 46. Kc4 Qa4+ 47. Kc3 Rc1+ 48. Kd2 Qc2+ 49. Ke3 Re1+ 50. Kf3 Rxe7 51. dxe7
Qa4 52. Bd4 Qa3+ 53. Kg4 Qxe7 54. Kf5 0-1

[Event "Wch-U14"]
[Site "Montevideo URU"]
[Date "2017.09.22"]
[Round "6.11"]
[White "Talukdar, Rohan"]
[Black "Anuj, Shrivatri"]
[Result "1/2-1/2"]
[WhiteElo "2132"]
[BlackElo "2246"]
[PlyCount "223"]
[EventDate "2017.09.17"]
[EventType "swiss"]
[EventRounds "11"]
[EventCountry "URU"]
[Source "Chess Mix"]
[SourceDate "2017.10.01"]

1. e4 e6 2. d4 d5 3. Nd2 c5 4. Ngf3 cxd4 5. Nxd4 Nf6 6. exd5 Nxd5 7. N2f3 Bb4+
8. Bd2 O-O 9. c3 Be7 10. Bd3 Nd7 11. O-O e5 12. Nf5 Bf6 13. c4 Nc5 14. Bc2 e4
15. cxd5 Bxf5 16. Bc3 Bg4 17. h3 Bxc3 18. bxc3 Bh5 19. Qd4 exf3 20. Qxc5 fxg2
21. Rfe1 Qh4 22. Qe3 f5 23. Qg3 Qxg3 24. fxg3 Bf3 25. c4 f4 26. g4 Rac8 27. Kf2
Bxd5 28. cxd5 Rxc2+ 29. Kf3 Rc3+ 30. Kxg2 f3+ 31. Kf2 Rc2+ 32. Ke3 f2 33. Rh1
b5 34. d6 Kf7 35. Rad1 Ke6 36. d7 Rd8 37. Rb1 Rxd7 38. Rxb5 Rxa2 39. Rf1 Rf7
40. Rb3 Kd5 41. Rd3+ Ke5 42. Rb3 a6 43. Rc3 Rb2 44. Ra3 Rf6 45. g5 Rfb6 46. h4
R6b3+ 47. Rxb3 Rxb3+ 48. Kxf2 Rb4 49. Kg3 Rb3+ 50. Kg4 Rb4+ 51. Kg3 Rb7 52. Ra1
Ra7 53. Ra5+ Kd4 54. h5 g6 55. hxg6 hxg6 56. Kf4 Ra8 57. Ra4+ Kc5 58. Ke5 a5
59. Kf6 Ra6+ 60. Kg7 Kb5 61. Ra1 a4 62. Rb1+ Kc4 63. Rc1+ Kd4 64. Rd1+ Ke5 65.
Re1+ Kf5 66. Kh6 a3 67. Rf1+ Ke5 68. Re1+ Kd4 69. Ra1 a2 70. Kg7 Kd5 71. Kh6
Ke5 72. Re1+ Kd4 73. Ra1 Ke4 74. Rxa2 Rxa2 75. Kxg6 Rf2 76. Kh7 Kd5 77. g6 Ke6
78. g7 Rh2+ 79. Kg8 Kf6 80. Kf8 Ra2 81. g8=N+ Ke6 82. Kg7 Rh2 83. Nh6 Rg2+ 84.
Kf8 Rg3 85. Ng8 Rg6 86. Ne7 Rf6+ 87. Ke8 Rh6 88. Kf8 Rh8+ 89. Ng8 Rh7 90. Ke8
Rf7 91. Nh6 Rf3 92. Ng8 Rf4 93. Nh6 Rh4 94. Ng8 Rh8 95. Kf8 Rh7 96. Ke8 Rf7 97.
Nh6 Rf4 98. Ng8 Rf3 99. Nh6 Kf6 100. Ng8+ Kg7 101. Ne7 Rd3 102. Nc6 Kf6 103.
Nd8 Rd1 104. Nc6 Ke6 105. Nd8+ Kd6 106. Nf7+ Kc7 107. Ke7 Re1+ 108. Kf6 Kd7
109. Ne5+ Kd6 110. Nf7+ Kd5 111. Nd8 Rf1+ 112. Ke7 1/2-1/2

[Event "Wch-U14"]
[Site "Montevideo URU"]
[Date "2017.09.22"]
[Round "7.9"]
[White "Ojeda Venegas, Tomas"]
[Black "Talukdar, Rohan"]
[Result "1/2-1/2"]
[WhiteElo "1972"]
[BlackElo "2132"]
[PlyCount "80"]
[EventDate "2017.09.17"]
[EventType "swiss"]
[EventRounds "11"]
[EventCountry "URU"]
[Source "Chess Mix"]
[SourceDate "2017.10.01"]

1. e4 c5 2. Nf3 d6 3. d4 cxd4 4. Nxd4 Nf6 5. Nc3 a6 6. Be3 e5 7. Nb3 Be7 8. f3
Be6 9. Qd2 h5 10. Nd5 Bxd5 11. exd5 Nbd7 12. O-O-O Rc8 13. Kb1 b5 14. Na5 Nb6
15. Nc6 Qc7 16. Bxb6 Qxb6 17. Qg5 Nxd5 18. Nxe7 Nxe7 19. Qxg7 Rg8 20. Qf6 Qc5
21. Bd3 Nd5 22. Qh6 Rxg2 23. Be4 Ne3 24. Rxd6 Rxc2 25. Qh8+ Ke7 26. Qf6+ Ke8
27. Qh8+ Ke7 28. Qf6+ Ke8 29. Bc6+ Kf8 30. Qh8+ Ke7 31. Qf6+ Kf8 32. Qh6+ Kg8
33. Qg5+ Kf8 34. Qh6+ Kg8 35. Rg1+ Rg2 36. Rxg2+ Nxg2 37. Qg5+ Kf8 38. Qh6+ Kg8
39. Qg5+ Kf8 40. Qh6+ Kg8 1/2-1/2

[Event "Wch-U14"]
[Site "Montevideo URU"]
[Date "2017.09.23"]
[Round "8.11"]
[White "Talukdar, Rohan"]
[Black "Rojas, Steven"]
[Result "1/2-1/2"]
[WhiteElo "2132"]
[BlackElo "1942"]
[PlyCount "118"]
[EventDate "2017.09.17"]
[EventType "swiss"]
[EventRounds "11"]
[EventCountry "URU"]
[Source "Chess Mix"]
[SourceDate "2017.10.01"]

1. e4 c5 2. Nf3 e6 3. d4 cxd4 4. Nxd4 Nf6 5. Nc3 d6 6. Be2 a6 7. Be3 Be7 8. f4
O-O 9. Qd2 Qc7 10. O-O-O b5 11. e5 dxe5 12. fxe5 Nfd7 13. Bf3 Bb7 14. Bf4 Nb6
15. Qf2 N8d7 16. Rhe1 Nc4 17. Bxb7 Qxb7 18. Qg3 Kh8 19. Ne4 Nc5 20. Nxc5 Bxc5
21. Nf3 Rad8 22. Rxd8 Rxd8 23. Qh4 Be7 24. Bg5 Re8 25. Rd1 Bxg5+ 26. Nxg5 h6
27. Nf3 Qc7 28. Qd4 Rc8 29. c3 Nb6 30. Kb1 Nd5 31. Rc1 Qc4 32. Qxc4 Rxc4 33.
Nd2 Rf4 34. c4 bxc4 35. Nxc4 Rf2 36. Rc2 Rf1+ 37. Rc1 Rxc1+ 38. Kxc1 Kg8 39.
Kd2 Kf8 40. a3 Ke7 41. Ne3 Nf4 42. Kc3 Kd7 43. Kd4 Kc6 44. g3 Ng6 45. a4 Ne7
46. g4 f5 47. gxf5 exf5 48. Nc4 g5 49. e6 f4 50. Ke4 Kc5 51. Nd2 Kd6 52. b4
Kxe6 53. Nb3 Kd6 54. Nd4 Nc6 55. Nf5+ Ke6 56. b5 axb5 57. axb5 Ne7 58. Nxh6 Nd5
59. Kf3 Nf6 1/2-1/2

[Event "Wch-U14"]
[Site "Montevideo URU"]
[Date "2017.09.24"]
[Round "9.13"]
[White "Wong, Juan"]
[Black "Talukdar, Rohan"]
[Result "0-1"]
[WhiteElo "1728"]
[BlackElo "2132"]
[PlyCount "100"]
[EventDate "2017.09.17"]
[EventType "swiss"]
[EventRounds "11"]
[EventCountry "URU"]
[Source "Chess Mix"]
[SourceDate "2017.10.01"]

1. e4 c5 2. Nf3 d6 3. d4 cxd4 4. Nxd4 Nf6 5. Nc3 a6 6. Bg5 e6 7. f4 Qb6 8. a3
Nc6 9. Nb3 Be7 10. Qf3 Qc7 11. O-O-O Bd7 12. Bd3 h6 13. Bh4 g5 14. fxg5 Ne5 15.
Qe2 Nh7 16. g6 Bxh4 17. gxh7 Rxh7 18. Nd4 O-O-O 19. Rhf1 Qb6 20. Nf3 Bf6 21.
Nd2 Bg7 22. Bc4 Kb8 23. Bb3 Rc8 24. Qf2 Qa5 25. Qg3 h5 26. h4 b5 27. Kb1 Qc7
28. Nf3 Nxf3 29. Rxf3 Be5 30. Qf2 Bc6 31. Qe2 Qb7 32. Re1 Rg8 33. Qe3 Rg4 34.
g3 a5 35. Qf2 b4 36. axb4 axb4 37. Ne2 Rxe4 38. Rd3 Bb5 39. Rf3 Qa7 40. Qg2 d5
41. c4 bxc3 42. Bc2 cxb2 43. Bxe4 Qa1+ 44. Kc2 Qa2 45. Rb1 Ba4+ 46. Kd2 dxe4
47. Rff1 f5 48. Qg1 Rd7+ 49. Ke3 Bc2 50. Rfc1 Qa7+ 0-1

[Event "Wch-U14"]
[Site "Montevideo URU"]
[Date "2017.09.25"]
[Round "10.6"]
[White "Talukdar, Rohan"]
[Black "Kopylov, Daniel"]
[Result "1-0"]
[WhiteElo "2132"]
[BlackElo "2243"]
[PlyCount "113"]
[EventDate "2017.09.17"]
[EventType "swiss"]
[EventRounds "11"]
[EventCountry "URU"]
[Source "Chess Mix"]
[SourceDate "2017.10.01"]

1. e4 c5 2. Nf3 d6 3. d4 cxd4 4. Nxd4 Nf6 5. Nc3 Nc6 6. f3 e5 7. Nb3 Be7 8. Be3
O-O 9. Qd2 a5 10. Bb5 Be6 11. Rd1 Na7 12. Bd3 Nc8 13. O-O Nb6 14. Rfe1 d5 15.
exd5 Nbxd5 16. Nxd5 Nxd5 17. Nc5 Nf4 18. Nxe6 Nxe6 19. Qf2 Qc8 20. Bb6 f6 21.
Bf5 g6 22. Be4 Ra6 23. Kh1 Bc5 24. Bxc5 Nxc5 25. Bd5+ Kg7 26. Bc4 Rc6 27. Bb5
Rc7 28. Rd6 Rd8 29. Qd2 Ne6 30. c3 Rc5 31. a4 Rxd6 32. Qxd6 Rc7 33. Rd1 Nf4 34.
Qb6 Rf7 35. Qxa5 Qc5 36. Qd8 h5 37. Qd6 Qc8 38. g3 Qh3 39. Bf1 Qf5 40. gxf4
Qxf4 41. Qd5 Qxa4 42. Bc4 Rc7 43. b3 Qe8 44. Qd6 Qb8 45. Bb5 Kh6 46. c4 Rc8 47.
Qxf6 Rf8 48. Qe7 Qa8 49. Rg1 Qd8 50. Qxb7 Qd3 51. Bc6 Rf6 52. Be4 Qe3 53. Qe7
Qf4 54. c5 h4 55. c6 h3 56. c7 Rf8 57. Rxg6+ 1-0

[Event "Wch-U14"]
[Site "Montevideo URU"]
[Date "2017.09.26"]
[Round "11.1"]
[White "Batsuren, Dambasuren"]
[Black "Talukdar, Rohan"]
[Result "1-0"]
[WhiteElo "2301"]
[BlackElo "2132"]
[PlyCount "83"]
[EventDate "2017.09.17"]
[EventType "swiss"]
[EventRounds "11"]
[EventCountry "URU"]
[Source "Chess Mix"]
[SourceDate "2017.10.01"]

1. d4 Nf6 2. c4 g6 3. Nc3 d5 4. Bf4 Bg7 5. e3 c5 6. dxc5 Qa5 7. Qa4+ Qxa4 8.
Nxa4 Bd7 9. Nc3 Ne4 10. Nxd5 Na6 11. f3 Nexc5 12. O-O-O Rc8 13. e4 e6 14. Ne3
e5 15. Bg3 f5 16. exf5 gxf5 17. Nd5 Be6 18. Kb1 Kf7 19. Nh3 h6 20. Be2 Rhd8 21.
Rhe1 f4 22. Bh4 Bf5+ 23. Ka1 Rd7 24. Nf2 Rc6 25. Ne4 Rg6 26. Bf1 Ne6 27. Ne7
Rxd1+ 28. Rxd1 Bxe4 29. fxe4 Rg4 30. Nf5 Nac5 31. h3 Rg6 32. Ne7 Nxe4 33. Nxg6
Kxg6 34. Bd3 N6c5 35. Bc2 Kh5 36. Be7 b6 37. b4 Nf2 38. bxc5 e4+ 39. Kb1 Nxd1
40. Bxd1+ Kg6 41. c6 Be5 42. Bd8 1-0

[Event "CYCC U14"]
[Site "Sault Ste Marie CAN"]
[Date "2017.07.06"]
[Round "1.30"]
[White "Eckert, Ethan"]
[Black "Talukdar, Rohan"]
[Result "0-1"]
[WhiteElo "1239"]
[BlackElo "2265"]
[PlyCount "102"]
[EventDate "2017.07.06"]
[EventType "swiss"]
[EventRounds "7"]
[EventCountry "CAN"]

1. e4 c5 2. Nf3 d6 3. d4 cxd4 4. Nxd4 Nf6 5. Nc3 g6 6. Be3 Bg7 7. Qd2 Nc6 8. f3
O-O 9. O-O-O d5 10. Nxc6 bxc6 11. exd5 Nxd5 12. Nxd5 cxd5 13. Qxd5 Qc7 14. Qc5
Qb7 15. Bd4 Bf5 16. Qb5 Qc7 17. Qc4 Qf4+ 18. Kb1 Rfc8 19. Bc5 Qxc4 20. Bxc4
Rxc5 21. b3 Rxc4 22. bxc4 Rb8+ 23. Kc1 Bh6+ 24. Rd2 Be6 25. g4 Bxc4 26. Re1
Bxa2 27. Kd1 Bc4 28. Rd3 Bxd3 29. cxd3 Rb1+ 30. Ke2 Rxe1+ 31. Kxe1 Be3 32. Ke2
Bd4 33. Kd2 e5 34. h3 f5 35. Kc2 Kf7 36. Kb3 Ke6 37. Kc4 Bf2 38. Kb4 Kd5 39.
Kb5 Kd4 40. Ka6 Kxd3 41. h4 e4 42. gxf5 gxf5 43. fxe4 fxe4 44. h5 e3 45. Kxa7
e2+ 46. Kb7 e1=Q 47. h6 Qe6 48. Kc7 Qb6+ 49. Kd7 Bc5 50. Kc8 Qa7 51. Kd8 Bd6
0-1

[Event "CYCC U14"]
[Site "Sault Ste Marie CAN"]
[Date "2017.07.06"]
[Round "2.31"]
[White "Talukdar, Rohan"]
[Black "Feng, Richard"]
[Result "1-0"]
[WhiteElo "2265"]
[BlackElo "1866"]
[PlyCount "57"]
[EventDate "2017.07.06"]
[EventType "swiss"]
[EventRounds "7"]
[EventCountry "CAN"]

1. e4 c5 2. Nf3 d6 3. d4 cxd4 4. Nxd4 Nf6 5. Nc3 g6 6. Be3 Bg7 7. f3 O-O 8. Qd2
Nc6 9. O-O-O d5 10. Qe1 e5 11. Nxc6 bxc6 12. exd5 Nxd5 13. Bc4 Be6 14. Ne4 Qc7
15. Bc5 Rfd8 16. g4 Nf4 17. Rxd8+ Rxd8 18. Bxe6 Nxe6 19. Be3 h6 20. Qf2 Qa5 21.
Kb1 Rd7 22. Bxh6 Qd8 23. Bc1 Rd1 24. Rxd1 Qxd1 25. Nc3 Qh1 26. Ne2 Bh6 27. Ng1
Nf4 28. Qg3 Kg7 29. g5 1-0

[Event "CYCC U14"]
[Site "Sault Ste Marie CAN"]
[Date "2017.07.07"]
[Round "3.31"]
[White "Surya, Benito"]
[Black "Talukdar, Rohan"]
[Result "1/2-1/2"]
[WhiteElo "1994"]
[BlackElo "2265"]
[PlyCount "86"]
[EventDate "2017.07.06"]
[EventType "swiss"]
[EventRounds "7"]
[EventCountry "CAN"]

1. e4 c5 2. Nf3 d6 3. d4 cxd4 4. Nxd4 Nf6 5. Nc3 g6 6. Be3 Bg7 7. f3 Nc6 8. Qd2
O-O 9. O-O-O d5 10. exd5 Nxd5 11. Nxc6 bxc6 12. Bd4 Bxd4 13. Qxd4 Qb6 14. Na4
Qc7 15. Bc4 Rd8 16. Nc5 Bf5 17. Bb3 Nf4 18. Qf2 Qb6 19. g3 Ne6 20. Bxe6 Bxe6
21. a3 Rd6 22. Nd3 Qxf2 23. Nxf2 Bd5 24. Ne4 Re6 25. Rhe1 f5 26. Nc5 Rxe1 27.
Rxe1 Kf7 28. f4 h6 29. Re5 Rd8 30. b3 Bf3 31. Re3 Rd1+ 32. Kb2 Bd5 33. Rd3 Re1
34. c4 Be4 35. Rd2 g5 36. Rf2 gxf4 37. gxf4 Kg6 38. Kc3 a5 39. b4 Re3+ 40. Kd4
Rxa3 41. bxa5 Rxa5 42. Nxe4 fxe4 43. Kxe4 Kf6 1/2-1/2

[Event "CYCC U14"]
[Site "Sault Ste Marie CAN"]
[Date "2017.07.07"]
[Round "4.31"]
[White "Talukdar, Rohan"]
[Black "Zhang, Henry"]
[Result "1-0"]
[WhiteElo "2265"]
[BlackElo "2108"]
[PlyCount "103"]
[EventDate "2017.07.06"]
[EventType "swiss"]
[EventRounds "7"]
[EventCountry "CAN"]

1. e4 c5 2. Nc3 Nc6 3. Bb5 Nd4 4. Bc4 g6 5. Nge2 Bg7 6. Nxd4 cxd4 7. Qf3 Nh6 8.
Ne2 O-O 9. Bb3 d6 10. d3 Ng4 11. Qg3 e5 12. h3 Nf6 13. f4 Ne8 14. O-O Be6 15.
Bxe6 fxe6 16. c3 dxc3 17. bxc3 exf4 18. Bxf4 e5 19. Bg5 Bf6 20. Bh6 Rf7 21. c4
Nc7 22. Nc3 Qd7 23. Rf3 Bg7 24. Rxf7 Qxf7 25. Rf1 Qe7 26. Be3 b6 27. a4 Rf8 28.
Ra1 Ne6 29. a5 Nc5 30. axb6 axb6 31. Nd5 Qf7 32. Bg5 Rb8 33. Be7 Qe6 34. Rb1
Nd7 35. Bg5 Kh8 36. Qh4 Nc5 37. Qg3 Nd7 38. Be3 Nc5 39. Bf2 Bf6 40. Rxb6 Rxb6
41. Nxb6 Nd7 42. Nd5 Bd8 43. Qe3 Nf6 44. Nc3 Ba5 45. Nb5 Bb4 46. Qb6 Nd7 47.
Qd8+ Kg7 48. Nc7 Qf7 49. Ne8+ Kh8 50. Nxd6+ Qf8 51. Qxf8+ Nxf8 52. Nf7+ 1-0

[Event "CYCC U14"]
[Site "Sault Ste Marie CAN"]
[Date "2017.07.09"]
[Round "6.31"]
[White "Talukdar, Rohan"]
[Black "Papneja, Arul"]
[Result "1-0"]
[WhiteElo "2265"]
[BlackElo "1682"]
[PlyCount "69"]
[EventDate "2017.07.06"]
[EventType "swiss"]
[EventRounds "7"]
[EventCountry "CAN"]

1. e4 c5 2. Nc3 d6 3. f4 a6 4. g3 e6 5. Bg2 Nf6 6. Nf3 Be7 7. O-O O-O 8. d3 Nc6
9. Qe2 Qc7 10. Nd1 d5 11. Nf2 d4 12. g4 Re8 13. g5 Nd7 14. Ng4 b5 15. h4 Bb7
16. Bh3 Bf8 17. Qg2 c4 18. h5 g6 19. Nfe5 Ncxe5 20. fxe5 cxd3 21. cxd3 Re7 22.
Bf4 Rc8 23. Rac1 Qd8 24. Qh2 Nc5 25. Rcd1 Rcc7 26. Rf2 Qc8 27. Nf6+ Kh8 28. Bg4
Na4 29. Nxh7 f5 30. exf6 Rxh7 31. Bxc7 Kg8 32. Be5 Bb4 33. hxg6 Rxh2 34. f7+
Kf8 35. g7+ 1-0

[Event "CYCC U14"]
[Site "Sault Ste Marie CAN"]
[Date "2017.07.10"]
[Round "7.31"]
[White "Huang, Qiuyu"]
[Black "Talukdar, Rohan"]
[Result "0-1"]
[WhiteElo "2265"]
[BlackElo "2239"]
[PlyCount "102"]
[EventDate "2017.07.06"]
[EventType "swiss"]
[EventRounds "7"]
[EventCountry "CAN"]

1. e4 c5 2. Nf3 d6 3. d4 cxd4 4. Nxd4 Nf6 5. Nc3 g6 6. Be3 Bg7 7. f3 Nc6 8. Qd2
O-O 9. Bc4 Bd7 10. O-O-O Rc8 11. Bb3 Ne5 12. Kb1 a6 13. h4 h5 14. g4 hxg4 15.
h5 Nxh5 16. Rdg1 Rc5 17. Bh6 Kh7 18. Bxg7 Kxg7 19. fxg4 Nxg4 20. Nd5 Rh8 21.
Nf5+ Bxf5 22. exf5 Nhf6 23. Rxh8 Qxh8 24. fxg6 fxg6 25. Nf4 Re5 26. Ne6+ Kg8
27. Nf4+ Kg7 28. Ne6+ Kg8 29. Ng5+ d5 30. Nf3 Rf5 31. Nd4 Rh5 32. Qa5 Kf7 33.
Re1 Qc8 34. a4 Qd7 35. Ne6 Re5 36. Rxe5 Nxe5 37. Ng5+ Kg7 38. Qb6 Nc6 39. Qc7
Qxc7 40. Ne6+ Kf7 41. Nxc7 e6 42. Na8 g5 43. Kc1 g4 44. Kd1 Ne4 45. Nb6 Nd4 46.
Ke1 Nxb3 47. cxb3 Kf6 48. b4 Ke5 49. Ke2 Kf4 50. Nd7 g3 51. Kf1 d4 0-1

[Event "CAN-ch"]
[Site "Montreal,CAN"]
[Date "2017.06.27"]
[Round "1.7"]
[White "Talukdar, Rohan"]
[Black "Kleinman, Michael"]
[Result "0-1"]
[WhiteElo "2119"]
[BlackElo "2344"]
[PlyCount "88"]
[EventDate "2017.06.27"]
[EventType "swiss"]
[EventRounds "9"]
[EventCountry "CAN"]
[WhiteTeam "Kanada"]
[BlackTeam "Kanada"]
[WhiteTeamCountry "CAN"]
[BlackTeamCountry "CAN"]

1. e4 c5 2. Nf3 e6 3. d4 cxd4 4. Nxd4 Nc6 5. Nc3 Qc7 6. Be3 a6 7. Qd2 Nf6 8.
O-O-O Be7 9. f4 b5 10. e5 b4 11. exf6 bxc3 12. Qxc3 Bxf6 13. g4 h6 14. h4 Bb7
15. Rh2 Rc8 16. Rhd2 Nxd4 17. Qxc7 Rxc7 18. Bxd4 Bf3 19. Bxf6 gxf6 20. Bxa6
Bxd1 21. Rxd1 Ra7 22. Be2 Rxa2 23. Kb1 Ra4 24. c4 Ke7 25. b3 Ra3 26. Kb2 Rha8
27. Bf3 R8a7 28. Kc3 d6 29. Rd3 Ra1 30. Kd4 Rb1 31. Kc3 Ra2 32. Re3 Rab2 33.
Kb4 Rh2 34. c5 dxc5+ 35. Kxc5 Rc1+ 36. Kb5 Rh3 37. b4 Rf1 38. Bg2 Rxe3 39. Bxf1
Rf3 40. Be2 Rxf4 41. Kc5 Kd7 42. b5 Rf2 43. Bd1 Kc7 44. h5 f5 0-1

[Event "CAN-ch"]
[Site "Montreal,CAN"]
[Date "2017.06.27"]
[Round "2.12"]
[White "Chabot, Roland"]
[Black "Talukdar, Rohan"]
[Result "1-0"]
[WhiteElo "2144"]
[BlackElo "2119"]
[PlyCount "97"]
[EventDate "2017.06.27"]
[EventType "swiss"]
[EventRounds "9"]
[EventCountry "CAN"]

1. d4 Nf6 2. c4 g6 3. Nc3 Bg7 4. e4 d6 5. h3 O-O 6. Nf3 e5 7. d5 a5 8. Be3 Na6
9. g4 Ne8 10. Rg1 f5 11. gxf5 gxf5 12. exf5 Bxf5 13. Ng5 h6 14. Ne6 Bxe6 15.
dxe6 Qh4 16. Nd5 Kh8 17. Rg4 Qh5 18. Qb3 Nf6 19. Nxf6 Bxf6 20. O-O-O b6 21. Be2
Qf5 22. Bd3 Qxe6 23. Rg6 e4 24. Rxh6+ Kg7 25. Rg1+ Kf7 26. Rh7+ Ke8 27. Qb5+
Kd8 28. Qc6 Rc8 29. Qxe4 Qxe4 30. Bxe4 Nc5 31. Bc2 Rb8 32. Rg6 Kc8 33. b3 Kb7
34. a3 Rbe8 35. Rg4 Bc3 36. Bg6 Rxe3 37. fxe3 Rf2 38. Be4+ Ka6 39. Rxc7 Nxb3+
40. Kd1 Nc5 41. Bc6 b5 42. Bxb5+ Kb6 43. Rc6+ Kb7 44. Rxd6 Kc7 45. Rd5 Ne6 46.
c5 a4 47. Rd7+ Kc8 48. Rg8+ Nf8 49. c6 1-0